| 000 | 00420nam a22001697a 4500 | ||
|---|---|---|---|
| 005 | 20180613171046.0 | ||
| 008 | 160524b xxu||||| |||| 00| 0 eng d | ||
| 020 | _a81-7496-767-2 | ||
| 041 | _aeng | ||
| 082 |
_b4726 _a657.42 |
||
| 100 |
_aKishore, Ravi M. _91159 |
||
| 245 | _aCost and Management Accounting | ||
| 260 |
_aNew Delhi _bAcademic Faundation |
||
| 300 | _a1090 | ||
| 650 |
_aManagement _9241 |
||
| 942 | _cBK | ||
| 999 |
_c1597 _d1596 |
||